Central Library OPAC University of Rajshahi

Labor and the American community / (Record no. 2614)

MARC details
000 -LEADER
fixed length control field 00912cam a2200277 4500
001 - CONTROL NUMBER
control field 2614
003 - CONTROL NUMBER IDENTIFIER
rucl marc code BD-RjUL
005 - DATE AND TIME OF LATEST TRANSACTION
control field 20211208233605.0
008 - FIXED-LENGTH DATA ELEMENTS--GENERAL INFORMATION
fixed length control field 131212r19701974ii bs 001 0 eng
035 ## - SYSTEM CONTROL NUMBER
System control number (BD-RjUL)2641
040 ## - CATALOGING SOURCE
Original cataloging agency DLC
Transcribing agency DLC
Modifying agency DLC
-- BD-RjUL
Language of cataloging eng
041 ## - LANGUAGE CODE
Language code of text/sound track or separate title eng
082 00 - DEWEY DECIMAL CLASSIFICATION NUMBER
Classification number 331.0973
Edition number 21
Author mark and year ROL 1974
100 1# - MAIN ENTRY--PERSONAL NAME
Personal name Bok, Derek C.
Fuller form of name (Derek Curtis)
9 (RLIN) 8457
245 10 - TITLE STATEMENT
Title Labor and the American community /
Statement of responsibility, etc. by Derek C. Bok and John T. Dunlop.
250 ## - EDITION STATEMENT
Edition statement East- West ed.
260 ## - PUBLICATION, DISTRIBUTION, ETC. (IMPRINT)
Place of publication, distribution, etc. New Delhi,
Name of publisher, distributor, etc. Affiliated East- West
Date of publication, distribution, etc. c1970 [Reprinted 1974].
300 ## - PHYSICAL DESCRIPTION
Pagination 542 p. ;
Size 22 cm.
504 ## - BIBLIOGRAPHY, ETC. NOTE
Bibliography, etc Includes bibliographical references.
650 #0 - SUBJECT ADDED ENTRY--TOPICAL TERM
Topical term or geographic name as entry element Labor unions
Geographic subdivision United States.
9 (RLIN) 2608
Topical term or geographic name as entry element Collective bargaining
Geographic subdivision United States.
9 (RLIN) 7752
700 1# - ADDED ENTRY--PERSONAL NAME
Personal name Dunlop, John T.
Dates associated with a name 1914-2003.,
Fuller form of name (John Thomas),
Relator term joint author.
942 ## - ADDED ENTRY ELEMENTS (KOHA)
Source of classification or shelving scheme Dewey Decimal Classification
Koha item type Books
Holdings
Lost status Source of classification or shelving scheme Damaged status Not for loan Permanent Location Current Location Shelving location Date acquired Source of acquisition Cost, normal purchase price Total Checkouts Full call number Date last seen Copy number Koha item type Collection code
  Dewey Decimal Classification     Central Library, University of Rajshahi Central Library, University of Rajshahi   06/07/1976 USIS 0.00   331.0973 ROL 1974 12/12/2013 C-2 Books  
  Dewey Decimal Classification   Not For Loan Central Library, University of Rajshahi Central Library, University of Rajshahi Reading Room 06/07/1970 U.S.S Gift     331.0973 BOL 1974 13/06/2015 C-1 Books Non-fiction